Vylievanie cínom /

Salvato in:
Dettagli Bibliografici
Autore principale: Lenhart, Jozef (Autore)
Altri autori: Janek, Pavel (Fotografo), Pišný, Michal (Fotografo)
Natura: Libro
Lingua:slovacco
Pubblicazione: Bratislava : Ústredie ľudovej umeleckej výroby v Bratislave, 2003
Edizione:1. vydanie
Serie:Škola tradičnej výroby a remesiel
Soggetti:
Tags: Aggiungi Tag
Nessun Tag, puoi essere il primo ad aggiungerne!!

MARC

LEADER 00000nam a22000003a 4500
001 0082610
003 SK-STU
005 20200731123111.2
007 ta
008 200731s ----xo-----e------000-0-----d
020 |a 80-88852-28-5 
040 |a STU  |b slo 
041 0 |a slo 
044 |a xo 
100 1 |a Lenhart, Jozef  |4 aut 
245 1 0 |a Vylievanie cínom /  |c aut. Jozef Lenhart ; fotogr. Pavel Janek, Michal Pišný 
250 |a 1. vydanie 
260 |a Bratislava :  |b Ústredie ľudovej umeleckej výroby v Bratislave,  |c 2003 
300 |a 28 s. 
490 0 |a Škola tradičnej výroby a remesiel 
650 0 7 |a umenie ľudové 
650 0 7 |a cín 
650 0 7 |a ornament 
650 0 7 |a umelecké techniky 
700 1 |a Janek, Pavel  |4 pht 
700 1 |a Pišný, Michal  |4 pht 
996 |b 284AU08423  |c A* 11683/U  |l AA5150  |s P  |a 0  |w 0082610_0001